Effective Inclusive Schools : Designing Successful Schoolwide Programs /
Salvato in:
| Natura: | Libro |
|---|---|
| Lingua: | inglese |
| Pubblicazione: |
San Francisco :
Jossey-Bass,
2012
|
| Tags: |
Nessun Tag, puoi essere il primo ad aggiungerne!!
|
MARC
| LEADER | 00000nam a22000003a 4500 | ||
|---|---|---|---|
| 001 | stu273307 | ||
| 005 | 20141122010940.5 | ||
| 008 | 130820s2012------------------------eng-d | ||
| 020 | |a 978-0-470-88014-2 | ||
| 040 | |a STU |b slo | ||
| 041 | 0 | |a eng | |
| 245 | |a Effective Inclusive Schools : |b Designing Successful Schoolwide Programs / |c Ed by Thomas Hehir | ||
| 260 | |a San Francisco : |b Jossey-Bass, |c 2012 | ||
| 300 | |a 246 s | ||
| 996 | |b 284AU05846 |c A*8644 |l AA8180 |s P |a 0 |w stu273307_0001 | ||